Fuel cells for offices? (Record no. 103688)

MARC details
000 -LEADER
fixed length control field 01145cam a2200241 4500
001 - CONTROL NUMBER
control field J126945
008 - FIXED-LENGTH DATA ELEMENTS--GENERAL INFORMATION
fixed length control field 040727n2003 000 0 eng u
035 ## - SYSTEM CONTROL NUMBER
System control number (Sirsi) u126945
041 ## - LANGUAGE CODE
Language code of text/sound track or separate title eng.
050 ## - LIBRARY OF CONGRESS CALL NUMBER
Classification number 621.312429
-- 21
110 ## - MAIN ENTRY--CORPORATE NAME
Corporate name or jurisdiction name as entry element British Council for Offices
9 (RLIN) 3992
245 ## - TITLE STATEMENT
Title Fuel cells for offices?
Statement of responsibility, etc. A BCO guide to new technology
260 ## - PUBLICATION, DISTRIBUTION, ETC.
Place of publication, distribution, etc. London
Name of publisher, distributor, etc. BCO
Date of publication, distribution, etc. 2003
300 ## - PHYSICAL DESCRIPTION
Extent 76p.
Dimensions 30cm.
350 ## - PRICE (NR) (BK AM CF MU VM SE) [OBSOLETE]
Price 53
520 ## - SUMMARY, ETC.
Summary, etc. A fuel cell uses hydrogen as a fuel to generate DC electricity , water and heat. It is an efficient and environmentally friendly means of converting fuel into high quality power. The aim of this document is to provide a straightforward guide to the use and application of fuel cells in a commercial property setting. The guide demonstrates the current advancement and application of fuel cells as it stands in late 2002, and attempts to predict potential future developments for the next 5-10 years.
650 ## - SUBJECT ADDED ENTRY--TOPICAL TERM
Topical term or geographic name entry element OFFICES
650 ## - SUBJECT ADDED ENTRY--TOPICAL TERM
Topical term or geographic name entry element POWER GENERATION
650 ## - SUBJECT ADDED ENTRY--TOPICAL TERM
Topical term or geographic name entry element SUSTAINABLE ENERGY
690 ## - LOCAL SUBJECT ADDED ENTRY--TOPICAL TERM (OCLC, RLIN)
Topical term or geographic name as entry element BUILDING AND CONSTRUCTION-ENERGY MANAGEMENT
710 ## - ADDED ENTRY--CORPORATE NAME
Corporate name or jurisdiction name as entry element Roberts and Partners
9 (RLIN) 4286
942 ## - ADDED ENTRY ELEMENTS (KOHA)
Suppress in OPAC 0
Holdings
Withdrawn status Lost status Source of classification or shelving scheme Damaged status Not for loan Home library Current library Shelving location Date acquired Cost, normal purchase price Total Checkouts Full call number Barcode Date last seen Copy number Cost, replacement price Price effective from Koha item type
    Dewey Decimal Classification     London London Folio 30/07/2004 53.00   F321.312429 BRI 30069424 06/08/2019 1 53.00 06/08/2019 Book